000 01022 a2200229 4500
999 _c357
_d357
020 _a081461700X
020 _a9780814617007
020 _a9780814617007
050 0 0 _aBS600.3 BIN 2007
100 1 _aBinz, Stephen J.,
_d1955-
245 1 0 _aIntroduction to the Bible :
_ba Catholic guide to studying Scripture /
_cStephen J. Binz.
264 _aMinnesota:
_bLiturgical press.,
_c2002
300 _axi, 90 p. ;
500 _adoes not include index
650 _aBible
_xStudy and teaching.
650 _aCatholic Church
_xDoctrines.
856 4 1 _3Table of contents only
_uhttp://www.loc.gov/catdir/toc/ecip0616/2006020573.html
856 4 2 _3Contributor biographical information
_uhttp://www.loc.gov/catdir/enhancements/fy1401/2006020573-b.html
856 4 2 _3Publisher description
_uhttp://www.loc.gov/catdir/enhancements/fy1401/2006020573-d.html
942 _2lcc
_cBK
_h600.3
_iBIN
_kBS